000 00540nam a2200181Ia 4500
008 140609s9999 xx 000 0 und d
020 _a9789810510336
050 _aHQ 115
_b.L723 2004
100 _aLim, Gerrie.
245 _aInvisible trade :
_bhigh-class sex for sale in Singapore /
_cGerrie Lim
260 _aSingapore :
_bMonsoon Books,
_cc2004.
300 _a208 p. ;
_c20 cm.
500 _aIncludes bibliographical references.
521 _aGE
650 _aMale prostitution
_xSingapore.
942 _kFOR
_cBK
999 _c118195
_d118195